[Event "Severstal 45 Jubilee"]
[Site "Cherepovets"]
[Date "2000.??.??"]
[Round "2"]
[White "Cheremin, Stepan"]
[Black "Ekdyshman, Mikhail"]
[Result "1-0"]
[WhiteElo "2324"]
[BlackElo "2317"]
[PlyCount "91"]
[EventDate "2000.??.??"]
[EventType "tourn"]
[EventRounds "13"]
[EventCountry "RUS"]
[SourceTitle "EXT 2001"]
[Source "ChessBase"]
[SourceDate "2000.11.22"]
[SourceVersion "1"]
[SourceVersionDate "2000.11.22"]
[SourceQuality "1"]

1. d4 Nf6 2. Bg5 g6 3. Nd2 Bg7 4. c3 0-0 5. e4 d6 6. Ngf3 Nbd7 7. Be2 e5 8. 0-0 h6 9. Bh4 g5 10. Bg3 Nh5 11. dxe5 Nxg3 12. hxg3 Nxe5 13. Nxe5 dxe5 14. Nc4 Qe7 15. Bg4 Be6 16. Bxe6 Qxe6 17. Qb3 Qc6 18. f3 Qc5+ 19. Kh2 b5 20. Na3 c6 21. Rad1 Rad8 22. g4 Bf6 23. c4 b4 24. Nc2 a5 25. Kg3 Rxd1 26. Rxd1 Rd8 27. Rd3 Qg1 28. Ne3 Rxd3 29. Qxd3 Be7 30. Qd7 Qxe3 31. Qxe7 Qf4+ 32. Kf2 Qd2+ 33. Kg3 Qxb2 34. Qd8+ Kg7 35. Qxa5 Qc3 36. Qc5 Qb2 37. Qf2 Qd4 38. Qxd4 exd4 39. c5 h5 40. gxh5 Kh6 41. Kf2 Kxh5 42. g3 Kg6 43. Ke2 Kf6 44. f4 Kg6 45. Kd3 Kh5 46. Kxd4 1-0